| 000 | 01983nam a2200397 a 4500 | ||
|---|---|---|---|
| 001 | ebr10680900 | ||
| 003 | CaPaEBR | ||
| 006 | m u | ||
| 007 | cr cn||||||||| | ||
| 008 | 090427s2009 nyua sb 001 0 eng d | ||
| 010 | _z 2009017715 | ||
| 020 | _z9781607417040 (hardcover) | ||
| 020 | _z1607417049 (hardcover) | ||
| 020 | _z9781617285332 (e-book) | ||
| 040 |
_aCaPaEBR _cCaPaEBR |
||
| 035 | _a(OCoLC)662452511 | ||
| 050 | 1 | 4 |
_aQP535.M4 _bT67 2009eb |
| 082 | 0 | 4 |
_a612.3/924 _222 |
| 100 | 1 | _aTorshin, Ivan Y. | |
| 245 | 1 | 0 |
_aMagnesium and pyridoxine _h[electronic resource] : _bfundamental studies and clinical practice / _cIvan Y. Torshin and Olgar A. Gromova. |
| 260 |
_aNew York : _bNova Science Publishers, _cc2009. |
||
| 300 |
_axiv, 196 p. : _bill. (some col.). |
||
| 490 | 1 | _aBiochemistry research trends series | |
| 504 | _aIncludes bibliographical references (p. [155]-173) and index. | ||
| 505 | 0 | _aThe biological roles of magnesium -- Absorption, elimination and the daily requirement of magnesium -- The deficiency of magnesium -- Conditions and diseases accompanied by magnesium deficiency -- Correction of the magnesium deficit -- Effects of various drugs on magnesium homeostasis -- Toxicology of magnesium : hypermagnesemia -- Physiological importance of pyridoxine -- Determination of the magnesium and pyridoxine levels. | |
| 533 |
_aElectronic reproduction. _bPalo Alto, Calif. : _cebrary, _d2013. _nAvailable via World Wide Web. _nAccess may be limited to ebrary affiliated libraries. |
||
| 650 | 0 | _aMagnesium in the body. | |
| 650 | 0 |
_aMagnesium _xPhysiological effect. |
|
| 650 | 0 | _aMagnesium deficiency diseases. | |
| 650 | 0 | _aVitamin B6. | |
| 655 | 7 |
_aElectronic books. _2local |
|
| 700 | 1 | _aGromova, Olgar. | |
| 710 | 2 | _aebrary, Inc. | |
| 830 | 0 | _aBiochemistry research trends series. | |
| 856 | 4 | 0 |
_uhttp://site.ebrary.com/lib/rucke/Doc?id=10680900 _zAn electronic book accessible through the World Wide Web; click to view |
| 999 |
_c156554 _d156554 |
||